Central Library OPAC University of Rajshahi

দেবদেবীর পরিচয় ও বাহন রহস্য / (Record no. 38317)

MARC details
000 -LEADER
fixed length control field 00913nam a2200241 a 4500
001 - CONTROL NUMBER
control field 38317
003 - CONTROL NUMBER IDENTIFIER
rucl marc code BD-RjUL
005 - DATE AND TIME OF LATEST TRANSACTION
control field 20211209052754.0
008 - FIXED-LENGTH DATA ELEMENTS--GENERAL INFORMATION
fixed length control field 160504s2005 ii a|||| |||| 00| 0 ben d
020 ## - INTERNATIONAL STANDARD BOOK NUMBER
Terms of availability : IRs.40.00
035 ## - SYSTEM CONTROL NUMBER
System control number (BD-RjUL)38422
040 ## - CATALOGING SOURCE
Original cataloging agency BD-RjUL
Language of cataloging ben
Transcribing agency BD-RjUL
041 ## - LANGUAGE CODE
Language code of text/sound track or separate title ben
082 ## - DEWEY DECIMAL CLASSIFICATION NUMBER
Edition number 23
Classification number 294.5211
Author mark and year CHD 2005
100 ## - MAIN ENTRY--PERSONAL NAME
Personal name চক্রবর্ত্তী, শিব শঙ্কর
9 (RLIN) 124837
245 10 - TITLE STATEMENT
Title দেবদেবীর পরিচয় ও বাহন রহস্য /
Statement of responsibility, etc. শিব শঙ্কর চক্রবর্ত্তী
250 ## - EDITION STATEMENT
Edition statement ৪র্থ সং.
260 ## - PUBLICATION, DISTRIBUTION, ETC. (IMPRINT)
Place of publication, distribution, etc. কলকাতা :
Name of publisher, distributor, etc. শেলী প্রকাশনী,
Date of publication, distribution, etc. ২০০৫
300 ## - PHYSICAL DESCRIPTION
Pagination ১১২ পৃ. :
Illustrations চিত্র ;
Size ২২ সেমি.
650 ## - SUBJECT ADDED ENTRY--TOPICAL TERM
Topical term or geographic name as entry element হিন্দু দেবদেবী
9 (RLIN) 161912
Topical term or geographic name as entry element Hindu gods, goddesses.
9 (RLIN) 118434
942 ## - ADDED ENTRY ELEMENTS (KOHA)
Source of classification or shelving scheme Dewey Decimal Classification
Koha item type Books
Holdings
Lost status Source of classification or shelving scheme Damaged status Not for loan Collection code Permanent Location Current Location Shelving location Date acquired Source of acquisition Cost, normal purchase price Total Checkouts Full call number Date last seen Date checked out Copy number Koha item type
  Dewey Decimal Classification     Non-fiction Central Library, University of Rajshahi Central Library, University of Rajshahi   08/05/2008 Paragon, Dhaka 80.00 2 B 294.5211 CHD 2005 10/02/2016 10/01/2016 C-3 Books
  Dewey Decimal Classification     Non-fiction Central Library, University of Rajshahi Central Library, University of Rajshahi   08/05/2008 Paragon Enterprise, Dhaka 40.00 1 B 294.5211 CHD 2005 11/02/2019 07/02/2019 C-2 Books
  Dewey Decimal Classification     Non-fiction Central Library, University of Rajshahi Central Library, University of Rajshahi   08/05/2008 Paragon Enterprise, Dhaka 40.00   B 294.5211 CHD 2005 04/05/2016   C-4 Books
  Dewey Decimal Classification   Not For Loan Non-fiction Central Library, University of Rajshahi Central Library, University of Rajshahi Reading Room 13/04/2008 Paragon Enterprise, Dhaka 40.00   B 294.5211 CHD 2005 30/06/2016   C-1 Books